000
00292nam a2200121Ia 4500
008
190216s9999||||xx |||||||||||||| ||und||
100
_a
Basheer M M
245
0
_a
Anthardara
260
_b
Calicut University Publications
300
_a
149
650
_a
Malayalam Novel-Malayalam
942
_c
BK
999
_c
27290
_d
27290